000 00319 a2200157 4500
001 57115
020 _a8532511341
040 _cAnchieta - Pituba
100 _aApplegate, K. A.
240 1 0 _aA intrusa
_lpor
245 1 0 _aA intrusa
300 _a148
362 0 _a2000
650 4 _aLiteratura juvenil
942 _cBK
999 _c57115
_d57115